| 000 | 01132nas0a2200373 i 4500 | ||
|---|---|---|---|
| 001 | RU\NLR\DRG\1554 | ||
| 005 | 20240725043100.0 | ||
| 035 | _a(NLR Aleph) 010962349 | ||
| 090 |
_a10797894 _c10797894 |
||
| 100 | _a20160407b1889 u y0rusy50 ca | ||
| 101 | 0 | _arus | |
| 102 | _aRU | ||
| 110 | _acya|||||||| | ||
| 200 | 1 |
_aДневник театрала _eил. театр. газ |
|
| 207 | 0 | _a1889, 15 янв - [?] | |
| 210 |
_aМосква. _d1889 - 1891 |
||
| 610 | 0 | _aТеатр | |
| 801 | 0 |
_aRU _bNLR _c20160407 _gPSBO _2gzsv_isis |
|
| 801 | 2 |
_aRU _bNLR _c20160407 _gPSBO _2rusmarc |
|
| 852 |
_aNLR _jГаз.1-М/1-41 |
||
| 942 | _cNEWSPAPER | ||
| 980 | _aDRGSV | ||